000 00459nam a2200181Ia 4500
001 23065
005 20260414150912.0
008 260414t2016||||xx |||||||||||||| ||spa||
041 _aESP
082 _a624.1821
_bW57A
100 _aWilliams, Alan
_eAUT
245 0 _aSteel structures design for lateral and vertical forces
_b
260 _c2016
300 _axxviii, 654 páginas :
_c25 cm.
650 _a0
654 _aCIC
942 _cLIB
_dJUS
_fJUS
_2ddc
_n
999 _c23065
_d23065